Từ đọc nối trong phát âm tiếng Anh - những khó khăn học sinh gặp phải trong nghe-nói.
Đã lưu trong:
| Tác giả chính: | |
|---|---|
| Tác giả khác: | |
| Định dạng: | Sách |
| Ngôn ngữ: | Vietnamese |
| Được phát hành: |
Đà Nẵng,
1992.
|
| Những chủ đề: | |
| Các nhãn: |
Thêm thẻ
Không có thẻ, Là người đầu tiên thẻ bản ghi này!
|
| Thư viện lưu trữ: | Mạng thư viện Đại học Đà Nẵng |
|---|
| LEADER | 01001cmm a2200337 i 4500 | ||
|---|---|---|---|
| 001 | 000044675 | ||
| 003 | 3083 | ||
| 005 | 20030508093427.0 | ||
| 008 | 010313|1992 vm 000 vie | ||
| 040 | |a IRC |c IRC |d IRC | ||
| 041 | 0 | |a vie | |
| 082 | 1 | 4 | |a 421.52 |b NG-H |
| 100 | 1 | |a Nguyễn Thị Hồng Hoa. | |
| 245 | 0 | 0 | |a Từ đọc nối trong phát âm tiếng Anh - những khó khăn học sinh gặp phải trong nghe-nói. |h [Thesis-Luận văn] / |c Nguyễn Thị Hồng Hoa thực hiện ; Đặng Văn Hùng hướng dẫn. |
| 260 | |a Đà Nẵng, |c 1992. | ||
| 300 | |a 83Tr. ; |c 31cm. | ||
| 630 | 0 | 4 | |a Anh ngữ. |
| 630 | 0 | 4 | |a Khoá luận. |
| 630 | 0 | 4 | |a Phát âm. |
| 650 | 0 | 4 | |a Anh ngữ |x Phát âm. |
| 700 | 0 | |a Đặng Văn Hùng, |e hướng dẫn. | |
| OWN | |a DUT | ||
| 999 | |a From the UDN01 | ||
| TYP | |a Computer file | ||
| TYP | |a Monograph | ||
| 980 | |a Mạng thư viện Đại học Đà Nẵng | ||